Modelové aspekty automatizovaného systému riadenia koncernu Závody na výrobu ložísk kandidátska dizertačná práca

Na minha lista:
Detalhes bibliográficos
Autor principal: Liška, Viktor
Autor Corporativo: Vysoká škola ekonomická v Bratislave
Outros Autores: Unčovský, Ladislav
Formato: Livro
Idioma:eslovaco
Publicado em: Bratislava 1981
Tags: Adicionar Tag
Sem tags, seja o primeiro a adicionar uma tag!

MARC

LEADER 00000nam a2200000 4500
001 c129192
005 20250703112352.4
041 0 |a slo 
044 |a SK 
245 1 0 |a Modelové aspekty automatizovaného systému riadenia koncernu Závody na výrobu ložísk  |b kandidátska dizertačná práca  |c Viktor Liška ; Ved. Ladislav Unčovský 
264 1 |a Bratislava  |c 1981 
300 |a 154 s. 
100 1 |a Liška, Viktor 
700 1 |a Unčovský, Ladislav 
710 2 |a Vysoká škola ekonomická v Bratislave